| 000 | 01037nac a22002411u 4500 | ||
|---|---|---|---|
| 008 | 081214t2006 nyu|||||r|||| 001 0 eng d | ||
| 010 | _a 2005047492 | ||
| 020 | _a9780471445937 (cloth : alk. paper) | ||
| 020 | _a0471445932 (cloth : alk. paper) | ||
| 082 | 0 | 0 |
_a681.2 _bFIG |
| 100 | 1 |
_aFigliola, R. S. _98850 |
|
| 245 | 1 | 0 |
_aTheory and Design for Mechanical Measurements / _cRichard S. Figliola, Donald E. Beasley. |
| 250 | _a4th ed. | ||
| 260 |
_aHoboken, N.J. : _bJohn Wiley, _cc2006. |
||
| 300 |
_axvi, 542 p. : _bill. ; _c26 cm. |
||
| 504 | _aIncludes bibliographical references and index. | ||
| 650 | 0 |
_aMensuration _vTextbooks. _98851 |
|
| 700 | 1 |
_aBeasley, Donald E. _98852 |
|
| 856 | 4 | 2 |
_3Publisher description _uhttp://www.loc.gov/catdir/enhancements/fy0624/2005047492-d.html |
| 856 | 4 | 2 |
_3Table of contents only _uhttp://www.loc.gov/catdir/enhancements/fy0624/2005047492-t.html |
| 856 | 4 | 2 |
_3Contributor biographical information _uhttp://www.loc.gov/catdir/enhancements/fy0661/2005047492-b.html |
| 942 |
_cBB _k681.2 FIG _2ddc |
||
| 999 |
_c1940 _d1940 |
||